=LDR 00000nam 2200000 4500 =001 INLIS000000000015931 =005 20130612111216 =008 ***********************************Ind** =035 ##$$0010-061300000015931 =041 ##$$a Ind =082 ##$$a 372.83 =090 ##$$a 372.83, Dam i =100 ##$$a Damiri =245 ##$$a Ilmu Pengetahuan Sosial I pendidikan dasar 9 th. untuk sekolah dasar kelas 3, Damiri BA ; Drs. Sudjadi =260 ##$$a 1996 $b Surakarta =300 ##$$a VI-72 hlm., ilm., 28 cm =650 ##$$a Pendidikan Dasar - IPS =700 ##$$a Suyadi =850 ##$$a NBPNMAT